| 000 | 00591nam a2200205Ia 4500 | ||
|---|---|---|---|
| 005 | 20250326144549.0 | ||
| 008 | 250326s9999 xx 000 0 und d | ||
| 037 | _aTextbook | ||
| 040 |
_aFMSL _beng _cFMSL |
||
| 041 |
_aeng _2eng |
||
| 084 |
_aX:89ZB P6 _qFMSL |
||
| 100 |
_aCalarco Allan _9749899 |
||
| 245 | 0 |
_aAdaptability: Responding effectively to change _cCalarco Allan; Gurvis J |
|
| 260 |
_aU _bU, S Centre for leadership _c2007 |
||
| 300 | _a32p | ||
| 365 | _b605.74549999999999 | ||
| 650 | _aManagement | ||
| 942 |
_cTB _hX:89ZB P6 |
||
| 999 |
_c1304180 _d1304180 |
||